Z jakiego kraju są ci zawodnicy League of Legends? - Statystyki

Ogólne statystyki
  • Ten quiz został rozwiązany 42 razy
    40 od ostatniego zresetowania
  • Średni wynik to 84 z 117
Statystyki odpowiedzi
Hint Odpowiedź % Poprawnych
Razork Hiszpania
97%
Jankos Polska
91%
Mikyx Słowenia
91%
APA Stany Zjednoczone
91%
Rekkles Szwecja
91%
Uzi Chiny
88%
Carzzy Czechy
88%
Humanoid Czechy
88%
Wunder Dania
88%
Caps Dania
88%
SkewMond Francja
88%
Evi Japonia
88%
CoreJJ Korea Południowa
88%
Keria Korea Południowa
88%
Pyosik Korea Południowa
88%
Finn Szwecja
88%
Larssen Szwecja
88%
Maple Tajwan
88%
Targamas Belgia
85%
Bwipo Belgia
85%
GALA Chiny
85%
369 Chiny
85%
PERKZ Chorwacja
85%
Zven Dania
85%
Adam Francja
85%
Upset Niemcy
85%
Selfmade Polska
85%
Odoamne Rumunia
85%
promisq Szwecja
85%
Froggen Dania
82%
Vetheo Francja
82%
Scout Korea Południowa
82%
Armut Turcja
82%
Hylissang Bułgaria
79%
Knight Chiny
79%
Jensen Dania
79%
xPeke Hiszpania
79%
Kaiser Niemcy
79%
Lucker Polska
79%
Crownshot Słowenia
79%
Caedrel Wielka Brytania
79%
Levi Wietnam
79%
Bo Chiny
76%
Szygenda Dania
76%
Broxah Dania
76%
sOAZ Francja
76%
Comp Grecja
76%
FORG1VEN Grecja
76%
Supa Hiszpania
76%
Abbedagge Niemcy
76%
Zanzarah Rosja
76%
Massu Kanada
73%
inSec Korea Południowa
73%
Kingen Korea Południowa
73%
Berserker Korea Południowa
73%
Irrelevant Niemcy
73%
Raxxo Polska
73%
Diamondprox Rosja
73%
Sneaky Stany Zjednoczone
73%
Yike Szwecja
73%
SwordArt Tajwan
73%
113 Turcja
73%
bluerzor Węgry
73%
xMatty Wielka Brytania
73%
Mersa Grecja
70%
Labrov Grecja
70%
Bong Korea Południowa
70%
Lyncas Litwa
70%
Amazing Niemcy
70%
LIDER Norwegia
70%
Jackspektra Norwegia
70%
Neon Słowacja
70%
Blaber Stany Zjednoczone
70%
Kofte Turcja
70%
Kiaya Wietnam
70%
Zoelys Francja
67%
Yellowstar Francja
67%
Isma Francja
67%
Vladi Grecja
67%
Sertuss Niemcy
67%
Hjarnan Szwecja
67%
JunJia Tajwan
67%
Neramin Turcja
67%
Jiizuke Włochy
67%
Nisqy Belgia
64%
Markoon Holandia
64%
Yutapon Japonia
64%
Execute Korea Południowa
64%
HolyPhoenix Turcja
64%
Vizicsacsi Węgry
64%
Fudge Australia
61%
WhiteKnight Finlandia
61%
Saulius Litwa
61%
Xerxe Rumunia
61%
kamilius Słowacja
61%
MagiFelix Szwecja
61%
Alphari Wielka Brytania
61%
milkyway Chiny
58%
FEBIVEN Holandia
58%
Advienne Holandia
58%
Ryuzaki Serbia
58%
innaxe Bułgaria
55%
Yashiro Litwa
55%
Josedeodo Argentyna
52%
TitaN Brazylia
52%
LIMIT Chorwacja
52%
Ruf Estonia
52%
Cyanide Finlandia
52%
Pabu Australia
45%
Robo Brazylia
45%
Kirei Holandia
45%
Rhuckz Portugalia
45%
Attila Portugalia
45%
apaMEN Japonia
42%
Endz Estonia
39%
Sniper Kanada
39%
Maynter Ukraina
36%
Nie znaleziono quizów pasujących do podanych kryteriów
Rozkład punktacji
Procent ludzi z każdym wynikiem
Percentyl według liczby udzielonych odpowiedzi
Twoja historia wyników
Nie rozwiązałeś tego quizu od ostatniego zresetowania